Income Tax Act 1967 (Act 53)
| Corporate Author: | |
|---|---|
| Format: | Book |
| Published: |
Kuala Lumpur :
Jabatan Percetakan Negara ,
1980
|
| Series: | Laws of Malaysia
|
| Subjects: |
MARC
| LEADER | 00000cam a2200000 7i4500 | ||
|---|---|---|---|
| 001 | 0000001359 | ||
| 005 | 20010606.0 | ||
| 090 | 0 | 0 | |a 343.595052 |b MAL 1980 |
| 110 | 1 | 0 | |a MALAYSIA |
| 245 | 1 | 0 | |a Income Tax Act 1967 (Act 53) |
| 260 | 0 | 0 | |a Kuala Lumpur : |b Jabatan Percetakan Negara , |c 1980 |
| 300 | |a 295 p. ; |c 26 cm. | ||
| 440 | 0 | 0 | |a Laws of Malaysia |
| 650 | 0 | 0 | |a Income tax |z Malaysia |x Law |
| 998 | |a JPSM | ||
| 999 | |a 0000002645 |b Monograph |c Acts |e Default branch | ||